DOE simplified : practical tools for effective experimentation

Αποθηκεύτηκε σε:
Λεπτομέρειες βιβλιογραφικής εγγραφής
Κύριος συγγραφέας: Anderson, Mark J. 1953-
Άλλοι συγγραφείς: Whitcomb, Patrick J. 1950-
Μορφή: Βιβλίο
Γλώσσα:English
Δημοσίευση: Portland, Oregon : Productivity, Inc., c2000
Θέματα:
Ετικέτες: Προσθήκη ετικέτας
Δεν υπάρχουν, Καταχωρήστε ετικέτα πρώτοι!

MARC

LEADER 00000nam a2200000 i 4500
001 1/74244
008 050323s2000 eng d
020 |a 1-56327-225-3 (hbk.) 
035 |l 10077326 
040 |a GR-MY-UA  |b gre  |e aacr 
041 0 |a eng 
082 0 |a 658.4033  |2 (21) 
100 1 |a Anderson, Mark J.  |d 1953- 
245 1 0 |a DOE simplified :  |b practical tools for effective experimentation /  |c Mark J. Anderson; Patrick J. Whitcomb 
260 |a Portland, Oregon :   |b Productivity, Inc.,   |c c2000 
300 |a xiii, 236 σ.;  |b εικ., σχ.;  |c 24 εκ.+  |e 1 οπτική δισκέτα λέϊζερ Η/Υ 4 3/4 ίν. 
504 |a Περιλαμβάνει βιβλιογραφικές αναφορές και ευρετήριο 
650 0 0 |a Experimental design. 
700 1 |a Whitcomb, Patrick J.  |d 1950- 
852 |a INST  |b CHIOS  |e 20050323  |h 658.4033 AND  |p 005200022237  |q 005200022237  |t BK  |y 0 
852 |a INST  |b CHIOS  |e 20050323  |h 658.4033 AND   |p 005200022397  |q 005200022397  |t BK  |y 0 
901 |a BIBL2-2005-1 
909 |a Χ  |b 112665 
909 |a X  |b 118914 
920 |a ΔΙΕΥΡΥΝΣΗ  |b ΕΠΕΑΕΚ-ΤΜΟΔ  |y ΧΙΟΣ  |z 2004-12 
970 |a ΣΑΛΑΜΟΥΡΑ  |b ΜΑΡΙΑ  |z 2005/03/23